Маркшейдерское дело и геодезия. Вопросы совершенствования маркшейдерско-геодезических работ: межвузовский сборник научных трудов

Sonraí bibleagrafaíochta
Údar corparáideach: Ленинградский горный институт им. Г. В. Плеханова (ЛГИ)
Rannpháirtithe: Ушаков И. Н. Иван Николаевич (редактор)
Teanga:Rúisis
Foilsithe / Cruthaithe: СПб., Изд-во ЛГИ, 1991
Sraith:Маркшейдерское дело и геодезия
Ábhair:
Formáid: MixedMaterials LEABHAR
KOHA link:https://koha.lib.tpu.ru/cgi-bin/koha/opac-detail.pl?biblionumber=164855

MARC

LEADER 00000nam0a2200000 4500
001 164855
005 20231031161512.0
020 |a RU  |b 92-2400 
035 |a (RuTPU)RU\TPU\book\178850 
090 |a 164855 
100 |a 20090911d1991 km y0rusy5003 ca 
101 0 |a rus 
102 |a RU 
105 |a a z 001zy 
200 1 |a Маркшейдерское дело и геодезия. Вопросы совершенствования маркшейдерско-геодезических работ  |e межвузовский сборник научных трудов  |f Ленинградский горный институт им. Г. В. Плеханова (ЛГИ) ; под ред. И. Н. Ушакова 
210 |a СПб.  |c Изд-во ЛГИ  |d 1991 
215 |a 110,[2] с.  |c ил. 
225 1 |a Маркшейдерское дело и геодезия 
320 |a Библиогр. в конце ст. 
610 1 |a маркшейдерские работы 
610 1 |a геодезические работы 
610 1 |a горные предприятия 
610 1 |a промышленные предприятия 
610 1 |a горные породы 
610 1 |a сдвижение 
610 1 |a геометризация 
610 1 |a методы 
610 1 |a геодезические сети 
610 1 |a топологические методы 
675 |a 622.1:528(082)  |z rus 
702 1 |a Ушаков  |b И. Н.  |g Иван Николаевич  |4 340 
712 0 2 |a Ленинградский горный институт им. Г. В. Плеханова (ЛГИ)  |c (1924-1991)  |2 stltpush  |3 (RuTPU)RU\TPU\col\1021 
801 0 |a RU  |b RuMRKP  |c 19950417  |g psbo 
801 1 |a RU  |b 63413507  |c 20090911 
801 2 |a RU  |b 63413507  |c 20140123  |g RCR 
942 |c BK